Učenie v Hopfieldovej neurónovej sieti = Learing in Hopfield neural network : Dipl.práca

Saved in:
Bibliographic Details
Main Author: Klimovský, Vladimír (Author)
Other Authors: Beňušová, Ľubica (Thesis advisor)
Format: Manuscript Book
Language:Slovak
Published: Bratislava : STU v Bratislave FEI, 1998
Subjects:
Tags: Add Tag
No Tags, Be the first to tag this record!

MARC

LEADER 00000ntm a22000003a 4500
001 stu50296
005 20160719164927.3
008 990716s1998------------------------slo-d
040 |a STU  |b slo 
041 0 |a slo 
100 1 |a Klimovský, Vladimír  |4 aut 
245 1 |a Učenie v Hopfieldovej neurónovej sieti = Learing in Hopfield neural network :  |b Dipl.práca 
260 |a Bratislava :  |b STU v Bratislave FEI,  |c 1998 
300 |a 37 s., disketa 
650 7 |a informatika  |2 stusub 
700 1 |a Beňušová, Ľubica  |4 ths 
996 |b EDIPL-5766  |c I*DIPL-5766  |l II680  |s A  |a 24  |w stu50296_0001